AXXENCE Slovakia Park, Bratislava

Saved in:
Bibliographic Details
Main Author: Kobetičová, Veronika (Author)
Other Authors: Prokopčáková, Katarína (Thesis advisor)
Format: Manuscript Book
Language:Slovak
Published: 2015
Subjects:
Online Access:http://is.stuba.sk/zp/portal_zp.pl?podrobnosti=109709
https://opac.crzp.sk/?fn=detailBiblioForm&sid=A7BD2F096A49022F25CC9937FE46
Tags: Add Tag
No Tags, Be the first to tag this record!

MARC

LEADER 00000ntm a22000003a 4500
001 stuzp52431
003 SK-STU
005 20231020130519.1
007 ta
008 150427s2015----xo-----f-mn---000-0-slo-d
040 |a STU  |b slo 
041 0 |a slo 
100 1 |a Kobetičová, Veronika  |u 010270  |4 aut  |U SvF Stavebná fakulta  |T SvF Katedra technológie stavieb  |X 7469  |U V270  |Y 28  |7 A000007469 
242 0 1 |a AXXENCE Slovakia Park, Bratislava  |y eng 
245 1 0 |a AXXENCE Slovakia Park, Bratislava 
260 |c 2015 
650 4 |a zariadenie staveniska  |2 slo 
650 4 |a prašnosť  |2 slo 
650 4 |a objekt  |2 slo 
650 4 |a builging site  |2 eng 
650 4 |a dustiness  |2 eng 
650 4 |a object  |2 eng 
700 1 |a Prokopčáková, Katarína  |4 ths  |X 854  |7 A000000854 
856 4 |u http://is.stuba.sk/zp/portal_zp.pl?podrobnosti=109709 
856 4 |u https://opac.crzp.sk/?fn=detailBiblioForm&sid=A7BD2F096A49022F25CC9937FE46 
SQL |a stuzp52431  |b DDP  |c SLO  |d AXXENCE Slovakia Park, Bratislava  |e 7469  |f Kobetičová, Veronika  |g 010270  |h 854  |i Prokopčáková, Katarína  |j 20150618  |k 681  |l 01  |m http://is.stuba.sk/zp/portal_zp.pl?podrobnosti=109709  |n I-TS  |o 5.2.8. stavebníctvo